000 00408nam a22001577a 4500
005 20260106155009.0
008 260106b |||||||| |||| 00| 0 eng d
020 _a978-81-203-3916-3
100 _aARULDHAS, G.
245 _aENGINEERING PHYSICS
260 _aDELHI
_bPHI LEARNING PRIVATE
_c2025
300 _aXVIII, 389P.
500 _aINCLUDES INDEX
650 _aPHYSICS - TEXTBOOKS
942 _2lcc
_cBK
999 _c216414
_d216414